Quizzes
Events
Quiz Creation
Community
Videos
Private Events
Remove Ads
Sign In
Join for FREE
Feedback
Dark Mode
Quiz Categories
Sports
Geography
Music
Movies
Television
Just For Fun
Miscellaneous
History
Literature
Language
Science
Gaming
Entertainment
Religion
Holiday
For Kids
Quiz Lab
Recent
Popular Today
Quiz Kudos Today
Editor Picks
Curator Picks
Quizzes by...
Day
Popularity
Type
Ratings
Length
Year
Community
Subscriptions
Recent Discussions
Orange Saloon
Badges
Playlists
Quests
Create
Leaderboards
Showdown
Live 5
Trivia Bingo
Activity
Puzzle Library
Sporcle Events
Private Events
Virtual Trivia
Globe League
Become a Host
Pub Owners
SporcleCon
Opinionation
Our Games
Videos
Blog
Mobile Apps
Partnerships
Remove Ads and Go Orange
Feedback
Sports
Athletes
MLB
NBA
NHL
NFL
Soccer
Sports Teams
WWE
NCAA
Football
Premier League
Basketball
Baseball
Hockey
Golf
Tennis
Cricket
Rugby
Auto Racing
Olympics
World Cup
Sports
Athletes
MLB
NBA
NHL
NFL
Soccer
Sports Teams
WWE
NCAA
Football
Premier League
Basketball
Baseball
Hockey
Golf
Tennis
Cricket
Rugby
Auto Racing
Olympics
World Cup
Random Quiz
Search Sporcle
×
Quiz Lab
Quiz Lab
Sports
formula
Type in answers that appear in a list
Type in answers that appear in a list
Classic
Best Score? Go Orange.
Formula One 10's- Just outside the points Stats
Can you name the Formula One 10's- Just outside the points
By
jordy_
5m
96 Questions
137 Plays
137 Plays
137 Plays
Comments
Comments
Give Quiz Kudos
Give Quiz Kudos
-
- Ratings
hide this ad
More Info
Replay
Link that replays current quiz
Next Quiz
Link to next quiz in quiz playlist
You Got
0%
They Got
Avg Score
80%
Avg Friend Score
Upgrade to see
Score Distribution
Jump to the score distribution portion of the page
Score
0/96
Timer
05:00
0
Plays Today
Hint
Answer
% Correct
2010
Felipe Massa
95.6%
2011
Felipe Massa
95.6%
2014
Felipe Massa
95.1%
2012
Sebastian Vettel
94.9%
2013
Fernando Alonso
94.2%
2014
Jenson Button
93.4%
2014
Jenson Button
93.4%
2014
Jenson Button
93.4%
2011
Nico Rosberg
92%
2011
Nico Rosberg
92%
2012
Nico Rosberg
92%
2012
Nico Rosberg
92%
2011
Sergio Perez
89.8%
2011
Sergio Perez
89.8%
2011
Sergio Perez
89.8%
2012
Sergio Perez
89.8%
2012
Sergio Perez
89.8%
2012
Sergio Perez
89.8%
2012
Sergio Perez
89.8%
2012
Sergio Perez
89.8%
2013
Sergio Perez
89.8%
2013
Sergio Perez
89.8%
2013
Sergio Perez
89.8%
2013
Sergio Perez
89.8%
2014
Sergio Perez
89.8%
2014
Sergio Perez
89.8%
2012
Mark Webber
88.3%
2012
Mark Webber
88.3%
2014
Romain Grosjean
88.2%
2012
Nico Hulkenberg
87.6%
2013
Nico Hulkenberg
87.6%
2013
Nico Hulkenberg
87.6%
Hint
Answer
% Correct
2013
Kimi Raikkonen
87.6%
2014
Kimi Raikkonen
87.6%
2014
Romain Grosjean
86.9%
2010
Adrian Sutil
85.4%
2011
Adrian Sutil
85.4%
2011
Adrian Sutil
85.4%
2011
Adrian Sutil
85.4%
2011
Adrian Sutil
85.4%
2012
Jean-Eric Vergne
85.4%
2012
Daniel Ricciardo
85.4%
2013
Daniel Ricciardo
85.4%
2014
Adrian Sutil
85.4%
2014
Adrian Sutil
85.4%
2014
Jean-Eric Vergne
85.4%
2010
Michael Schumacher
84.7%
2010
Michael Schumacher
84.7%
2011
Pastor Maldonado
84.7%
2011
Pastor Maldonado
84.7%
2012
Michael Schumacher
84.7%
2012
Pastor Maldonado
84.7%
2012
Michael Schumacher
84.7%
2013
Pastor Maldonado
84.7%
2013
Pastor Maldonado
84.7%
2013
Pastor Maldonado
84.7%
2013
Pastor Maldonado
84.7%
2010
Kamui Kobayashi
83.9%
2011
Kamui Kobayashi
83.9%
2012
Kamui Kobayashi
83.9%
2013
Valtteri Bottas
75.9%
2014
Valtteri Bottas
75.9%
2011
Paul di Resta
75.2%
2011
Paul di Resta
75.2%
Hint
Answer
% Correct
2012
Paul di Resta
75.2%
2012
Paul di Resta
75.2%
2013
Paul di Resta
75.2%
2013
Paul di Resta
75.2%
2013
Paul di Resta
75.2%
2014
Kevin Magnussen
73.5%
2010
Sebastien Buemi
73%
2010
Sebastien Buemi
73%
2014
Daniil Kvyat
72.5%
2010
Nick Heidfeld
72.3%
2010
Robert Kubica
72.3%
2014
Daniil Kvyat
72.3%
2014
Daniil Kvyat
72.3%
2014
Danill Kvyat
72.3%
2013
Esteban Gutierrez
71.5%
2013
Esteban Gutierrez
71.5%
2010
Vitaly Petrov
70.1%
2010
Vitaly Petrov
70.1%
2011
Vitaly Petrov
70.1%
2011
Vitaly Petrov
70.1%
2012
Vitaly Petrov
70.1%
2010
Jaime Alguersuari
67.9%
2010
Jaime Alguersuari
67.9%
2010
Jaime Alguersuari
67.9%
2010
Jaime Alguersuari
67.9%
2010
Jaime Alguersuari
67.9%
2011
Jaime Alguersuari
67.9%
2011
Jaime Alguersuari
67.9%
2010
Pedro de la Rosa
54.7%
2010
Vitantonio Liuzzi
54.7%
2010
Pedro de la Rosa
54.7%
2014
Marcus Ericsson
54.7%
Quiz Playlist
Details
Report
Send in Message
Add To Playlist
More Info:
Name the drivers who ended just outside the points on the 11th place.
Classic:
Type in answers that appear in a list
Last Updated: May 5, 2017
Quiz Scoreboard
CHALLENGE
Sign Up to Join the Scoreboard
Show All
Scores
Hide
Comments
May contain spoilers
Recently Published
Click the 1999 NBA Draft
by nibperrychub
Sports
2m
Alphabetical 'K' Countries by Flag Minefield
by ylime102
Geography
3m
Pick 6: Fruits
by JohnFran
Miscellaneous
15s
More to Explore
Quiz From the Vault
Featured Blog Post
15 Basketball Trivia Facts You Can Be March Mad About
hide this ad
You Might Also Like...
Tags
formula
point
Today's Top Quizzes in Sports
Browse Sports
hide this ad
Today's Top Quizzes in formula
Browse formula
Top Contributed Quizzes in Sports
1
Les joueurs à 100 buts en Ligue 1 Uber Eats
2
Pick 6: NFL Teams
3
MLB 2 truths and a lie: Hall of Fame pitchers
4
Criteria MLB: Left Handed Sluggers
5
2022 World Cup Stars
6
Don't Strike Out: 3000 Strikeouts
7
Millionaire: NBA Finals Edition
8
Pick 6: Minor League Baseball
9
Click the 1998 NBA Draft
10
Pick 6: Olympics
Explore More
Trending Topics
Marvel
Kpop
Anime
Harry Potter
Crossword
NBA
Disney
Puzzle
Country
WWE
Song
The Office
Soccer
NFL
Pokémon
hide this ad
More By:
jordy_
Quiz
Plays
Rating
Category
Featured
Created
Dutch Eredivisie Champions XI's
10,082
4.69
Sports
Feb 15, 2013
100 Soccer Legends of the 00's
8,142
4.05
Sports
Jun 25, 2012
Premier League: Club topscorer by year
5,770
5.00
Sports
Jan 24, 2019
Eredivisie Yes or No?
5,701
4.86
Sports
Nov 4, 2013
100 Soccer Legends of the 90's
4,509
4.00
Sports
Jun 25, 2012
Go to Creator's Profile
Score Distribution
Quiz Creator Spotlight
jordy_
Follow
Send a Message
Quizzes Created
-
Created Quiz Play Count
-
More By This Creator
Popular Quizzes Today
1
Countries of Asia Without Outlines Minefield
2
Find the US States - No Outlines Minefield
3
Pick 6: Fruits
4
Alphabetical 'K' Countries by Flag Minefield
5
The Countries of the World
6
Find the US States
7
US States
8
Match the Book to the Film X
More Sports Quizzes
Ascending Premier League Trivia
Curator's Pick
Trending Quizzes
Pick 6: Harry Potter
Pick 6: Mountains
Pick 6: NFL Teams
Pick 6: Movie Franchises
Pick 6: Golfers
Recently Updated
NWSL Teams
pecheneg
Women's Final Four Teams by Year
bhenderson79
Presidents Quartet II
eogle
Anything But Clue(do)
eogle
Anything But Oceanian Capitals
eogle
Anything But 7
eogle
Anything But Thing
eogle
Word Ladder: February 29
pecheneg
Song Title Questions
pecheneg
Women's NCAA Tournament #1 Seeds
pecheneg
Trending Topics
Crossword
Marvel
NBA
Disney
Kpop
Harry Potter
Anime
Puzzle
NFL
WWE
The Office
Country
Song
Pokémon
Soccer
Your Account Isn't Verified!
In order to create a playlist on Sporcle, you need to verify the email address you used during registration. Go to your
Sporcle Settings
to finish the process.
Report this User
Report this user for behavior that violates our
Community Guidelines
.
Details:
Send Report
Go to the Sporcle.com Mobile Site →
Comments